JO 2024 - Équipe de France : Basket - Statistiques

Statistiques générales
  • Ce quiz a été pris 1 365 fois
    1 172 depuis la dernière actualisation
  • Le résultat moyen est 9 sur 12
Statistiques - réponses
Poste Club Joueur % Correct
Intérieur San Antonio Spurs Victor Wembanyama
96%
Intérieur Minnesota Timberwolves Rudy Gobert
93%
Intérieur Real Madrid Guerschon Yabusele
89%
Extérieur Washington Wizards Bilal Coulibaly
82%
Extérieur Detroit Pistons Evan Fournier
81%
Extérieur Philadelphie 76ers Nicolas Batum
80%
Meneur AS Monaco Matthew Strazel
77%
Extérieur ASVEL Nando De Colo
77%
Intérieur Panathinaikos Mathias Lessort
71%
Extérieur Virtus Bologne Isaïa Cordinier
67%
Meneur Gran Canaria Andrew Albicy
56%
Meneur Charlotte Hornets Frank Ntilikina
49%
Aucun quiz correspondant
Distribution des résultats
% des personnes avec chaque résultat
Percentile par nombre de réponses
Votre historique - résultats
Vous n’avez pas pris ce quiz depuis la dernière actualisation